The United Stated And India And Pakistan / (Record no. 616759)

000 -LEADER
fixed length control field 00379nam a22001337a 4500
020 ## - INTERNATIONAL STANDARD BOOK NUMBER
Qualifying information HB.
040 ## - CATALOGING SOURCE
Transcribing agency Fizza Ishaq
082 ## - DEWEY DECIMAL CLASSIFICATION NUMBER
Classification number 957.4
Author Mark NOR
100 ## - MAIN ENTRY--PERSONAL NAME
Personal name Brown, Norman W.
9 (RLIN) 133797
245 ## - TITLE STATEMENT
Title The United Stated And India And Pakistan /
Statement of responsibility, etc. W. Norman Brown.
260 ## - PUBLICATION, DISTRIBUTION, ETC.
Place of publication, distribution, etc. New York;
Name of publisher, distributor, etc. Harvard University Press,
Date of publication, distribution, etc. 1953.
300 ## - PHYSICAL DESCRIPTION
Extent 308 p. ;
Dimensions 7.8x5.2 inches
942 ## - ADDED ENTRY ELEMENTS (KOHA)
Source of classification or shelving scheme
Koha item type Book
Holdings
Withdrawn status Lost status Source of classification or shelving scheme Damaged status Not for loan Permanent Location Current Location Shelving location Date acquired Total Checkouts Full call number Barcode Date last seen Price effective from Koha item type
          NUST Baluchistan Campus (NBC) NUST Baluchistan Campus (NBC) General Stacks 03/31/2026   957.4 NOR QD-747 03/31/2026 03/31/2026 Book
© 2023 Central Library, National University of Sciences and Technology. All Rights Reserved.